000 00555nam a2200229 a 4500
003 AR-BaBNM
005 20251128203650.0
008 082120s2002 ||||||||||||||000 | spa||
040 _cAR-BaBNM
100 1 _aVocos Lescano, Jorge
245 0 0 _aLibro de los amigos
260 _aBuenos Aires
_bEl autor
_c1983
300 _a71 p.
650 4 _aLITERATURA ARGENTINA
650 4 _aPOESIA
650 4 _aLITERATURA CONTEMPORANEA
653 _aCOSTUMBRISMO
653 _aINFLUENCIA CLASICA
655 _aLITERATURA
942 _cBK
998 _cMARTIN
999 _c4392
_d4392